[Event "GER-chT U10"]
[Site "Magdeburg"]
[Date "2016.12.28"]
[Round "3.2"]
[White "Lewkowicz, David"]
[Black "Roessl, Sara"]
[Result "0-1"]
[WhiteElo "600"]
[BlackElo "728"]
[PlyCount "44"]
[EventDate "2016.12.27"]
[EventType "team-swiss"]
[EventRounds "7"]
[EventCountry "GER"]
[SourceTitle "EXT 2018"]
[Source "ChessBase"]
[SourceDate "2017.10.13"]
[SourceVersion "1"]
[SourceVersionDate "2017.10.13"]
[SourceQuality "1"]
[WhiteTeam "Paderborn Blauer Springer"]
[BlackTeam "Norderstedt Harksheide"]
[WhiteTeamCountry "GER"]
[BlackTeamCountry "GER"]

1. e3 e5 2. d3 Nc6 3. e4 Nf6 4. Bg5 d6 5. Nf3 Bg4 6. h3 Be6 7. Be2 Be7 8. 0-0 0-0 9. a4 d5 10. Ra2 d4 11. c3 Bxa2 12. b4 dxc3 13. Nxc3 Nxb4 14. Qc1 Nxd3 15. Bxd3 Qxd3 16. Rd1 Qc4 17. Nxe5 Qe6 18. Nxa2 Qxe5 19. Bxf6 Bxf6 20. g3 Qxe4 21. Qe3 Qxe3 22. fxe3 Rfe8 0-1

[Event "GER-chT U10"]
[Site "Magdeburg"]
[Date "2016.12.27"]
[Round "1.2"]
[White "Rapp, Leonard"]
[Black "Roessl, Sara"]
[Result "1-0"]
[WhiteElo "1157"]
[BlackElo "728"]
[PlyCount "111"]
[EventDate "2016.12.27"]
[EventType "team-swiss"]
[EventRounds "7"]
[EventCountry "GER"]
[SourceTitle "EXT 2018"]
[Source "ChessBase"]
[SourceDate "2017.10.13"]
[SourceVersion "1"]
[SourceVersionDate "2017.10.13"]
[SourceQuality "1"]
[WhiteTeam "Stadtilm Blau Weiss"]
[BlackTeam "Norderstedt Harksheide"]
[WhiteTeamCountry "GER"]
[BlackTeamCountry "GER"]

1. e4 e5 2. Nf3 Nc6 3. d4 exd4 4. Nxd4 Nxd4 5. Qxd4 Qe7 6. Nc3 Nf6 7. Be3 Qe6 8. e5 Ng4 9. f4 Be7 10. Bd2 0-0 11. 0-0-0 Re8 12. h3 Nh6 13. Bd3 Bh4 14. Be1 Be7 15. Qe4 g6 16. Bf2 Nf5 17. g4 Nh4 18. Bxh4 Bxh4 19. Qd5 Qxd5 20. Nxd5 Rb8 21. Nf6+ Bxf6 22. exf6 d6 23. Rhe1 Be6 24. b3 Rbd8 25. f5 Bd7 26. Rxe8+ Rxe8 27. Kd2 Bc6 28. Bf1 Re5 29. Kc1 d5 30. a4 Re4 31. Kb2 d4 32. Bg2 Re2 33. Bxc6 bxc6 34. Rxd4 Re8 35. Kc3 Re3+ 36. Kc4 Re8 37. Kc5 Rc8 38. Kxc6 h6 39. Kd7 Rf8 40. Ke7 Rb8 41. Rd8+ Rxd8 42. Kxd8 gxf5 43. gxf5 h5 44. h4 c6 45. b4 a6 46. c4 Kh7 47. b5 axb5 48. axb5 cxb5 49. cxb5 Kg8 50. b6 Kh7 51. b7 Kg8 52. Kd7 Kh7 53. Ke7 Kg8 54. b8Q+ Kh7 55. Qg3 Kh8 56. Qg7# 1-0